[Event "Championnat de France Universitaire 2017"]
[Site "Strasbourg"]
[Date "2017.01.22"]
[Round "7.4"]
[White "Abdelmoumen, Oussama"]
[Black "Cantin, Loic"]
[Result "0-1"]
[BlackElo "2184"]
[WhiteElo "1932"]
[LiveChessVersion "1.4.8"]

1. e4 {[%clk 0:14:16]} c6 {[%clk 0:15:03]} 2. d4 {[%clk 0:14:15]} d5
{[%clk 0:15:03]} 3. exd5 {[%clk 0:14:15]} cxd5 {[%clk 0:15:06]} 4. Bd3
{[%clk 0:14:18]} Nc6 {[%clk 0:15:07]} 5. c3 {[%clk 0:14:22]} g6 {[%clk 0:15:05]}
6. Nf3 {[%clk 0:14:16]} Bg7 {[%clk 0:15:02]} 7. O-O {[%clk 0:14:18]} Nh6
{[%clk 0:14:49]} 8. Re1 {[%clk 0:13:47]} O-O {[%clk 0:14:50]} 9. Bf4
{[%clk 0:13:34]} f6 {[%clk 0:14:26]} 10. c4 {[%clk 0:13:21]} dxc4
{[%clk 0:12:20]} 11. Bxc4+ {[%clk 0:13:07]} Kh8 {[%clk 0:12:22]} 12. Bxh6
{[%clk 0:10:29]} Bxh6 {[%clk 0:12:22]} 13. h3 {[%clk 0:10:28]} Bg7
{[%clk 0:11:33]} 14. Nc3 {[%clk 0:08:35]} a6 {[%clk 0:07:02]} 15. a4
{[%clk 0:08:32]} Bf5 {[%clk 0:06:15]} 16. Qd2 {[%clk 0:06:43]} Rc8
{[%clk 0:06:01]} 17. Ba2 {[%clk 0:06:09]} e5 {[%clk 0:04:11]} 18. Rad1
{[%clk 0:04:07]} exd4 {[%clk 0:02:53]} 19. Nxd4 {[%clk 0:04:06]} Nxd4
{[%clk 0:02:56]} 20. Qxd4 {[%clk 0:04:08]} Qxd4 {[%clk 0:02:50]} 21. Rxd4
{[%clk 0:04:11]} Rfe8 {[%clk 0:02:29]} 22. Rxe8+ {[%clk 0:03:36]} Rxe8
{[%clk 0:02:33]} 23. g4 {[%clk 0:03:39]} Bc8 {[%clk 0:01:59]} 24. Re4
{[%clk 0:02:47]} Bd7 {[%clk 0:01:27]} 25. a5 {[%clk 0:01:52]} Bf8
{[%clk 0:01:09]} 26. Bd5 {[%clk 0:01:34]} Rb8 {[%clk 0:00:46]} 27. b3
{[%clk 0:00:52]} Kg7 {[%clk 0:00:48]} 28. Kf1 {[%clk 0:00:54]} f5
{[%clk 0:00:49]} 29. Rc4 {[%clk 0:00:35]} Bd6 {[%clk 0:00:47]} 30. gxf5
{[%clk 0:00:25]} Bxf5 {[%clk 0:00:51]} 31. Kg2 {[%clk 0:00:18]} h5
{[%clk 0:00:32]} 32. Ne4 {[%clk 0:00:19]} Be5 {[%clk 0:00:22]} 33. Nc5
{[%clk 0:00:14]} b5 {[%clk 0:00:26]} 34. axb6 {[%clk 0:00:17]} Rxb6
{[%clk 0:00:29]} 35. b4 {[%clk 0:00:19]} Kh6 {[%clk 0:00:27]} 36. Be4
{[%clk 0:00:23]} Bc8 {[%clk 0:00:26]} 37. Nd3 {[%clk 0:00:27]} Be6
{[%clk 0:00:20]} 38. Rc6 {[%clk 0:00:27]} Rxc6 {[%clk 0:00:23]} 39. Bxc6
{[%clk 0:00:31]} Bc3 {[%clk 0:00:25]} 40. b5 {[%clk 0:00:30]} Bc4
{[%clk 0:00:27]} 41. Nc5 {[%clk 0:00:15]} axb5 {[%clk 0:00:28]} 42. Ne4
{[%clk 0:00:19]} Be5 {[%clk 0:00:28]} 43. Kf3 {[%clk 0:00:23]} b4
{[%clk 0:00:29]} 44. Nd2 {[%clk 0:00:27]} Be6 {[%clk 0:00:32]} 45. h4
{[%clk 0:00:30]} Bf6 {[%clk 0:00:35]} 46. Kg3 {[%clk 0:00:33]} b3
{[%clk 0:00:39]} 47. Be4 {[%clk 0:00:37]} b2 {[%clk 0:00:40]} 48. f4
{[%clk 0:00:40]} Ba2 {[%clk 0:00:43]} 49. Nb1 {[%clk 0:00:43]} Kg7
{[%clk 0:00:46]} 50. f5 {[%clk 0:00:47]} gxf5 {[%clk 0:00:46]} 51. Bxf5
{[%clk 0:00:51]} Kf7 {[%clk 0:00:50]} 52. Nd2 {[%clk 0:00:48]} Ke7
{[%clk 0:00:53]} 53. Bg6 {[%clk 0:00:45]} Bc3 {[%clk 0:00:49]} 54. Nb1
{[%clk 0:00:49]} Be1+ 55. Kf3 {[%clk 0:00:28]} Kf6 {[%clk 0:00:52]} 56. Ke3 Ke5
57. Kd4+ 0-1

[Event "Championnat de France Universitaire 2017"]
[Site "Strasbourg"]
[Date "2017.01.22"]
[Round "8.1"]
[White "Loiseau, Quentin"]
[Black "Villegas, Pierre"]
[Result "0-1"]
[BlackElo "2363"]
[WhiteElo "2455"]
[LiveChessVersion "1.4.8"]

1. d4 {[%clk 0:15:08]} Nf6 {[%clk 0:15:08]} 2. Nf3 {[%clk 0:15:10]} d5
{[%clk 0:15:10]} 3. c4 {[%clk 0:15:14]} e6 {[%clk 0:15:14]} 4. Nc3
{[%clk 0:15:15]} dxc4 {[%clk 0:15:15]} 5. e4 {[%clk 0:14:59]} Bb4
{[%clk 0:15:14]} 6. Bxc4 {[%clk 0:15:03]} Nxe4 {[%clk 0:15:10]} 7. O-O
{[%clk 0:15:07]} Nf6 {[%clk 0:13:57]} 8. Qe2 {[%clk 0:12:45]} O-O
{[%clk 0:13:16]} 9. Rd1 {[%clk 0:12:45]} Nc6 {[%clk 0:11:30]} 10. a3
{[%clk 0:08:57]} Bxc3 {[%clk 0:10:26]} 11. bxc3 {[%clk 0:09:01]} Ne7
{[%clk 0:08:08]} 12. Ne5 {[%clk 0:08:58]} Ng6 {[%clk 0:07:18]} 13. Bg5
{[%clk 0:08:36]} h6 {[%clk 0:06:36]} 14. Bc1 {[%clk 0:07:49]} Nd5
{[%clk 0:06:05]} 15. Qc2 {[%clk 0:05:55]} Qf6 {[%clk 0:05:02]} 16. Nxg6
{[%clk 0:05:36]} fxg6 {[%clk 0:04:27]} 17. Re1 {[%clk 0:05:16]} Bd7
{[%clk 0:03:57]} 18. Bd3 {[%clk 0:05:08]} g5 {[%clk 0:03:53]} 19. Bb2
{[%clk 0:04:37]} Nf4 {[%clk 0:03:34]} 20. Bf1 {[%clk 0:04:38]} Qf5
{[%clk 0:03:28]} 21. Qd2 {[%clk 0:04:41]} Bc6 {[%clk 0:03:16]} 22. Kh1
{[%clk 0:03:55]} Ng6 {[%clk 0:00:52]} 23. Re2 {[%clk 0:03:51]} Rae8
{[%clk 0:00:52]} 24. Rae1 {[%clk 0:03:49]} Nh4 {[%clk 0:00:55]} 25. f3
{[%clk 0:03:01]} g4 {[%clk 0:00:54]} 26. Re5 {[%clk 0:02:57]} Qg6
{[%clk 0:00:33]} 27. Bd3 {[%clk 0:00:40]} Qf6 {[%clk 0:00:30]} 28. d5
{[%clk 0:00:33]} exd5 {[%clk 0:00:17]} 29. c4 {[%clk 0:00:25]} Rxe5
{[%clk 0:00:17]} 30. Bxe5 {[%clk 0:00:28]} Qf7 {[%clk 0:00:21]} 31. cxd5
{[%clk 0:00:26]} Bxd5 {[%clk 0:00:23]} 32. Qf2 {[%clk 0:00:16]} Ng6
{[%clk 0:00:17]} 33. Bd4 {[%clk 0:00:15]} gxf3 {[%clk 0:00:18]} 34. g3
{[%clk 0:00:19]} Re8 {[%clk 0:00:15]} 35. Rxe8+ {[%clk 0:00:09]} Qxe8
{[%clk 0:00:19]} 36. h3 {[%clk 0:00:13]} Qe6 {[%clk 0:00:17]} 37. Kh2
{[%clk 0:00:17]} b6 {[%clk 0:00:16]} 38. a4 {[%clk 0:00:18]} c5 {[%clk 0:00:20]}
39. Bc3 {[%clk 0:00:20]} c4 {[%clk 0:00:24]} 40. Bc2 {[%clk 0:00:22]} Ne7
{[%clk 0:00:20]} 41. g4 {[%clk 0:00:21]} Qe2 {[%clk 0:00:23]} 42. Qxe2
{[%clk 0:00:20]} fxe2 {[%clk 0:00:27]} 43. Kg3 {[%clk 0:00:24]} Bf7
{[%clk 0:00:26]} 44. Kf2 {[%clk 0:00:23]} Bg6 {[%clk 0:00:30]} 45. Bxg6
{[%clk 0:00:24]} Nxg6 {[%clk 0:00:35]} 46. Kxe2 {[%clk 0:00:28]} Nf4+
{[%clk 0:00:39]} 47. Ke3 {[%clk 0:00:32]} Nd5+ {[%clk 0:00:23]} 48. Kd4
{[%clk 0:00:36]} Nxc3 {[%clk 0:00:27]} 49. Kxc3 {[%clk 0:00:40]} a6
{[%clk 0:00:30]} 50. Kxc4 {[%clk 0:00:44]} Kf7 {[%clk 0:00:33]} 51. Kd5
{[%clk 0:00:48]} b5 {[%clk 0:00:38]} 52. a5 {[%clk 0:00:20]} b4 {[%clk 0:00:26]}
53. Kc4 {[%clk 0:00:24]} Ke6 {[%clk 0:00:30]} 54. Kxb4 {[%clk 0:00:28]} Kd5
{[%clk 0:00:35]} 55. h4 {[%clk 0:00:23]} g6 {[%clk 0:00:39]} 56. Kb3
{[%clk 0:00:11]} Kc5 {[%clk 0:00:41]} 57. Kc3 {[%clk 0:00:14]} Kb5
{[%clk 0:00:45]} 58. g5 {[%clk 0:00:18]} hxg5 {[%clk 0:00:43]} 59. hxg5
{[%clk 0:00:22]} Kxa5 {[%clk 0:00:47]} 60. Kd4 {[%clk 0:00:27]} Kb4
{[%clk 0:00:45]} 61. Ke5 {[%clk 0:00:31]} a5 {[%clk 0:00:50]} 62. Kf6
{[%clk 0:00:36]} a4 {[%clk 0:00:54]} 63. Kxg6 {[%clk 0:00:40]} a3
{[%clk 0:00:59]} 0-1

[Event "Championnat de France Universitaire 2017"]
[Site "Strasbourg"]
[Date "2017.01.22"]
[Round "8.2"]
[White "Sochacki, Wojtek"]
[Black "Waked, Olivier"]
[Result "1-0"]
[BlackElo "1797"]
[WhiteElo "2347"]
[LiveChessVersion "1.4.8"]

1. d4 {[%clk 0:15:07]} d5 {[%clk 0:15:09]} 2. c4 {[%clk 0:15:11]} e6
{[%clk 0:15:12]} 3. Nc3 {[%clk 0:15:15]} Nf6 {[%clk 0:15:16]} 4. cxd5
{[%clk 0:15:14]} exd5 {[%clk 0:15:19]} 5. Bg5 {[%clk 0:15:17]} Be7
{[%clk 0:15:22]} 6. e3 {[%clk 0:15:18]} c6 {[%clk 0:14:56]} 7. Bd3
{[%clk 0:15:21]} O-O {[%clk 0:14:55]} 8. Nge2 {[%clk 0:15:19]} Nbd7
{[%clk 0:14:22]} 9. Qc2 {[%clk 0:15:13]} h6 {[%clk 0:13:40]} 10. Bf4
{[%clk 0:14:58]} c5 {[%clk 0:12:47]} 11. dxc5 {[%clk 0:13:41]} Nxc5
{[%clk 0:12:08]} 12. O-O {[%clk 0:13:43]} Bd7 {[%clk 0:10:13]} 13. Rfd1
{[%clk 0:13:39]} Rc8 {[%clk 0:08:41]} 14. Rac1 {[%clk 0:12:38]} Qb6
{[%clk 0:06:57]} 15. Be5 {[%clk 0:11:22]} Bc6 {[%clk 0:04:38]} 16. Bf5
{[%clk 0:11:04]} Rcd8 {[%clk 0:04:22]} 17. Ng3 {[%clk 0:09:35]} Nce4
{[%clk 0:03:42]} 18. Ngxe4 {[%clk 0:08:01]} dxe4 {[%clk 0:03:03]} 19. Nxe4
{[%clk 0:07:42]} Bxe4 {[%clk 0:02:48]} 20. Bxe4 {[%clk 0:07:46]} Nxe4
{[%clk 0:02:42]} 21. Qxe4 {[%clk 0:07:49]} Qe6 {[%clk 0:02:07]} 22. Qf4
{[%clk 0:07:00]} a6 {[%clk 0:00:35]} 23. b3 {[%clk 0:06:03]} Ba3 {[%clk 0:00:23]}
24. Rb1 {[%clk 0:06:06]} Rd5 {[%clk 0:00:17]} 25. Rxd5 {[%clk 0:03:41]} Qxd5
{[%clk 0:00:20]} 26. Bd4 {[%clk 0:03:46]} Rc8 {[%clk 0:00:14]} 27. Qg4
{[%clk 0:03:50]} 1-0

[Event "Championnat de France Universitaire 2017"]
[Site "Strasbourg"]
[Date "2017.01.22"]
[Round "8.3"]
[White "Cantin, Loic"]
[Black "Israilov, Sardor"]
[Result "1-0"]
[BlackElo "1948"]
[WhiteElo "2184"]
[LiveChessVersion "1.4.8"]

1. e4 {[%clk 0:15:09]} c5 {[%clk 0:15:10]} 2. Nf3 Nc6 3. Bb5 {[%clk 0:15:15]} g6
{[%clk 0:15:08]} 4. c3 {[%clk 0:15:15]} Nf6 {[%clk 0:12:37]} 5. d3
{[%clk 0:15:17]} Bg7 {[%clk 0:12:11]} 6. O-O {[%clk 0:15:17]} O-O
{[%clk 0:12:11]} 7. h3 {[%clk 0:15:19]} Qc7 {[%clk 0:11:01]} 8. Re1
{[%clk 0:14:58]} e5 {[%clk 0:08:44]} 9. Nbd2 {[%clk 0:14:51]} d6 {[%clk 0:08:27]}
10. Nf1 {[%clk 0:14:49]} h6 {[%clk 0:07:49]} 11. a3 {[%clk 0:14:24]} a6
{[%clk 0:07:44]} 12. Bc4 {[%clk 0:14:24]} b5 {[%clk 0:07:40]} 13. Ba2
{[%clk 0:14:27]} a5 {[%clk 0:07:28]} 14. a4 {[%clk 0:14:20]} b4 {[%clk 0:07:05]}
15. Ne3 {[%clk 0:14:22]} Ba6 {[%clk 0:06:35]} 16. Bc4 {[%clk 0:14:24]} Bxc4
{[%clk 0:06:14]} 17. Nxc4 {[%clk 0:14:25]} d5 {[%clk 0:06:18]} 18. exd5
{[%clk 0:14:15]} Nxd5 {[%clk 0:06:23]} 19. Qc2 {[%clk 0:12:26]} bxc3
{[%clk 0:04:53]} 20. bxc3 {[%clk 0:12:29]} Ndb4 {[%clk 0:04:10]} 21. cxb4
{[%clk 0:11:43]} e4 {[%clk 0:04:14]} 22. dxe4 {[%clk 0:10:56]} Bxa1
{[%clk 0:04:10]} 23. Bxh6 {[%clk 0:09:16]} Nxb4 {[%clk 0:04:14]} 24. Qd2
{[%clk 0:07:33]} Rfd8 {[%clk 0:04:17]} 25. Qg5 {[%clk 0:07:14]} Bc3
{[%clk 0:03:57]} 26. e5 {[%clk 0:06:21]} Ra6 {[%clk 0:03:29]} 27. Rc1
{[%clk 0:05:51]} Nd5 {[%clk 0:03:33]} 28. Nd6 {[%clk 0:05:15]} Raxd6
{[%clk 0:03:11]} 29. exd6 {[%clk 0:05:18]} Qxd6 {[%clk 0:03:15]} 30. Rd1
{[%clk 0:04:43]} Bf6 {[%clk 0:02:35]} 31. Qg4 {[%clk 0:04:41]} Qe6
{[%clk 0:02:29]} 32. Qc4 {[%clk 0:04:27]} Rc8 {[%clk 0:02:28]} 33. Qxd5
{[%clk 0:04:29]} Rd8 {[%clk 0:02:13]} 34. Qxd8+ {[%clk 0:04:30]} Bxd8
{[%clk 0:02:15]} 35. Rxd8+ {[%clk 0:04:34]} Kh7 {[%clk 0:02:17]} 36. Ng5+
{[%clk 0:04:38]} 1-0

[Event "Championnat de France Universitaire 2017"]
[Site "Strasbourg"]
[Date "2017.01.22"]
[Round "8.4"]
[White "Aubry, Yannis"]
[Black "Viennot, Dylan"]
[Result "0-1"]
[BlackElo "2259"]
[WhiteElo "2226"]
[LiveChessVersion "1.4.8"]

1. d4 {[%clk 0:15:09]} e6 {[%clk 0:15:09]} 2. c4 {[%clk 0:15:11]} d5
{[%clk 0:15:13]} 3. Nc3 {[%clk 0:15:11]} c6 {[%clk 0:15:17]} 4. cxd5
{[%clk 0:15:01]} exd5 {[%clk 0:15:20]} 5. Qc2 {[%clk 0:15:04]} Bd6
{[%clk 0:15:06]} 6. Nf3 {[%clk 0:15:05]} Bg4 {[%clk 0:13:48]} 7. Bg5
{[%clk 0:14:54]} Qd7 {[%clk 0:13:30]} 8. e3 {[%clk 0:12:34]} h6 {[%clk 0:11:11]}
9. Bh4 {[%clk 0:12:34]} Ne7 {[%clk 0:11:07]} 10. Bg3 {[%clk 0:12:06]} Bxf3
{[%clk 0:09:16]} 11. gxf3 {[%clk 0:12:10]} a5 {[%clk 0:09:03]} 12. a3
{[%clk 0:10:07]} Na6 {[%clk 0:09:07]} 13. Na4 {[%clk 0:09:54]} Qc7
{[%clk 0:08:41]} 14. Bxd6 {[%clk 0:09:14]} Qxd6 {[%clk 0:08:45]} 15. Nb6
{[%clk 0:09:18]} Ra7 {[%clk 0:08:40]} 16. Qa4 {[%clk 0:07:26]} Nc7
{[%clk 0:07:54]} 17. b4 {[%clk 0:07:11]} O-O {[%clk 0:07:57]} 18. Rc1
{[%clk 0:06:04]} Re8 {[%clk 0:07:53]} 19. Bd3 {[%clk 0:05:11]} Qf6
{[%clk 0:07:33]} 20. Be2 {[%clk 0:03:00]} Nf5 {[%clk 0:07:14]} 21. b5
{[%clk 0:02:35]} Nxb5 {[%clk 0:05:51]} 22. Bxb5 {[%clk 0:02:03]} Nxe3
{[%clk 0:05:00]} 23. Be2 {[%clk 0:01:36]} Nc4 {[%clk 0:05:01]} 24. Nxc4
{[%clk 0:01:19]} Qxf3 {[%clk 0:05:02]} 25. O-O {[%clk 0:00:45]} Rxe2
{[%clk 0:04:31]} 26. Ne3 {[%clk 0:00:39]} b5 {[%clk 0:03:55]} 27. Qd1
{[%clk 0:00:13]} Re7 {[%clk 0:03:56]} 28. Rc3 {[%clk 0:00:14]} Re6
{[%clk 0:03:28]} 29. Qd3 {[%clk 0:00:07]} Rg6+ {[%clk 0:02:33]} 30. Qxg6 fxg6
{[%clk 0:02:38]} 31. Rxc6 {[%clk 0:00:16]} Kh7 {[%clk 0:02:34]} 32. Rc5
{[%clk 0:00:17]} h5 {[%clk 0:02:32]} 33. Rxd5 {[%clk 0:00:17]} Rxe3
{[%clk 0:02:35]} 0-1

[Event "Championnat de France Universitaire 2017"]
[Site "Strasbourg"]
[Date "2017.01.22"]
[Round "9.1"]
[White "Villegas, Pierre"]
[Black "Cantin, Loic"]
[Result "1-0"]
[BlackElo "2184"]
[WhiteElo "2363"]
[LiveChessVersion "1.4.8"]

1. d4 {[%clk 0:15:08]} d5 {[%clk 0:15:09]} 2. c4 {[%clk 0:15:12]} e6
{[%clk 0:15:12]} 3. Nc3 {[%clk 0:15:16]} c6 {[%clk 0:15:10]} 4. e3
{[%clk 0:15:19]} f5 {[%clk 0:15:07]} 5. Bd3 {[%clk 0:15:18]} Nf6 {[%clk 0:15:09]}
6. Nge2 {[%clk 0:15:21]} Bd6 {[%clk 0:15:02]} 7. f3 {[%clk 0:15:07]} O-O
{[%clk 0:13:08]} 8. Qc2 {[%clk 0:14:43]} Na6 {[%clk 0:12:10]} 9. a3
{[%clk 0:14:41]} Kh8 {[%clk 0:11:05]} 10. Bd2 {[%clk 0:14:35]} dxc4
{[%clk 0:10:49]} 11. Bxc4 {[%clk 0:14:36]} b5 {[%clk 0:10:52]} 12. Bd3
{[%clk 0:11:58]} Nc7 {[%clk 0:10:30]} 13. O-O {[%clk 0:11:29]} a5
{[%clk 0:08:04]} 14. g3 {[%clk 0:10:19]} Qe8 {[%clk 0:06:21]} 15. Nd1
{[%clk 0:09:22]} Bb7 {[%clk 0:05:51]} 16. Kg2 {[%clk 0:08:42]} Qh5
{[%clk 0:05:45]} 17. Nf4 {[%clk 0:07:54]} Qh6 {[%clk 0:05:46]} 18. e4
{[%clk 0:07:41]} fxe4 {[%clk 0:04:53]} 19. fxe4 {[%clk 0:07:45]} g5
{[%clk 0:04:07]} 20. Nh3 {[%clk 0:06:55]} e5 {[%clk 0:03:45]} 21. Ne3
{[%clk 0:05:57]} Bc8 {[%clk 0:03:18]} 22. Nf5 {[%clk 0:06:01]} Bxf5
{[%clk 0:03:20]} 23. Rxf5 {[%clk 0:06:01]} Ne6 {[%clk 0:02:45]} 24. dxe5
{[%clk 0:02:47]} Nd4 {[%clk 0:02:37]} 25. Qc3 {[%clk 0:02:51]} Nxf5
{[%clk 0:02:03]} 26. exf5 {[%clk 0:02:55]} b4 {[%clk 0:01:17]} 27. Qd4
{[%clk 0:02:51]} Bxe5 {[%clk 0:00:48]} 28. Qxe5 {[%clk 0:02:55]} Rae8
{[%clk 0:00:53]} 29. Qxa5 {[%clk 0:02:04]} Qh5 {[%clk 0:00:42]} 30. Qxb4
{[%clk 0:01:46]} h6 {[%clk 0:00:33]} 31. Nf2 {[%clk 0:01:41]} Qf7
{[%clk 0:00:27]} 32. Qc4 {[%clk 0:01:29]} Qb7 {[%clk 0:00:26]} 33. Bc3
{[%clk 0:01:29]} Kh7 {[%clk 0:00:29]} 34. Qb4 {[%clk 0:01:25]} Qa8
{[%clk 0:00:29]} 35. Kg1 {[%clk 0:01:15]} Nd5 {[%clk 0:00:33]} 36. Qd4
{[%clk 0:01:14]} Rf7 {[%clk 0:00:25]} 37. Bd2 {[%clk 0:01:09]} Kg8
{[%clk 0:00:18]} 38. Qg4 {[%clk 0:01:00]} Nf6 {[%clk 0:00:15]} 39. Qc4
{[%clk 0:00:54]} Qb7 {[%clk 0:00:08]} 40. Qb4 {[%clk 0:00:51]} Qd7
{[%clk 0:00:11]} 41. Rc1 {[%clk 0:00:35]} Nd5 {[%clk 0:00:13]} 42. Qc5
{[%clk 0:00:39]} Rf6 {[%clk 0:00:14]} 43. a4 {[%clk 0:00:33]} Ne7
{[%clk 0:00:11]} 44. Bc4+ {[%clk 0:00:31]} Nd5 {[%clk 0:00:15]} 45. Bd3
{[%clk 0:00:32]} Ne7 {[%clk 0:00:19]} 46. Bc3 {[%clk 0:00:32]} Rd6
{[%clk 0:00:16]} 47. Qe5 {[%clk 0:00:22]} Nxf5 {[%clk 0:00:06]} 48. Qxf5
{[%clk 0:00:19]} Rxd3 {[%clk 0:00:09]} 49. Qxd3 {[%clk 0:00:23]} 1-0

[Event "Championnat de France Universitaire 2017"]
[Site "Strasbourg"]
[Date "2017.01.22"]
[Round "9.2"]
[White "Loiseau, Quentin"]
[Black "Sochacki, Wojtek"]
[Result "0-1"]
[BlackElo "2347"]
[WhiteElo "2455"]
[LiveChessVersion "1.4.8"]

1. d4 {[%clk 0:15:07]} d5 {[%clk 0:15:05]} 2. c4 {[%clk 0:15:11]} c6
{[%clk 0:15:10]} 3. Nc3 {[%clk 0:15:13]} Nf6 {[%clk 0:15:12]} 4. Nf3
{[%clk 0:15:17]} e6 {[%clk 0:15:17]} 5. Bg5 {[%clk 0:15:19]} dxc4
{[%clk 0:15:14]} 6. e4 {[%clk 0:15:15]} b5 {[%clk 0:15:08]} 7. e5
{[%clk 0:15:19]} h6 {[%clk 0:15:12]} 8. Bh4 {[%clk 0:15:23]} g5 {[%clk 0:15:16]}
9. Nxg5 {[%clk 0:15:27]} hxg5 {[%clk 0:15:20]} 10. Bxg5 {[%clk 0:15:30]} Nbd7
{[%clk 0:15:24]} 11. g3 {[%clk 0:15:31]} Bb7 {[%clk 0:15:28]} 12. Bg2
{[%clk 0:15:29]} Qb6 {[%clk 0:15:12]} 13. exf6 {[%clk 0:15:32]} O-O-O
{[%clk 0:15:15]} 14. O-O {[%clk 0:15:33]} c5 {[%clk 0:15:18]} 15. d5
{[%clk 0:15:36]} b4 {[%clk 0:15:22]} 16. Na4 {[%clk 0:15:33]} Qb5
{[%clk 0:15:20]} 17. a3 {[%clk 0:15:04]} Nb8 {[%clk 0:15:22]} 18. axb4
{[%clk 0:14:46]} cxb4 {[%clk 0:15:26]} 19. Be3 {[%clk 0:13:16]} Bxd5
{[%clk 0:12:01]} 20. Bxd5 {[%clk 0:13:07]} Rxd5 {[%clk 0:11:35]} 21. Qg4
{[%clk 0:13:00]} Nc6 {[%clk 0:11:30]} 22. Rfc1 {[%clk 0:11:31]} Ne5
{[%clk 0:09:27]} 23. Qe2 {[%clk 0:10:27]} Kb7 {[%clk 0:08:12]} 24. b3
{[%clk 0:09:52]} cxb3 {[%clk 0:06:59]} 25. Qxb5+ {[%clk 0:05:52]} Rxb5
{[%clk 0:07:02]} 26. Rcb1 {[%clk 0:05:57]} Nc4 {[%clk 0:06:02]} 27. Rxb3
{[%clk 0:05:51]} Nxe3 {[%clk 0:06:06]} 28. fxe3 {[%clk 0:05:48]} Bd6
{[%clk 0:05:45]} 29. Nc3 {[%clk 0:03:31]} Re5 {[%clk 0:05:24]} 30. Rd1
{[%clk 0:03:16]} Bc5 {[%clk 0:04:49]} 31. Na4 {[%clk 0:03:17]} Bxe3+
{[%clk 0:04:53]} 32. Kg2 {[%clk 0:03:18]} a5 {[%clk 0:04:52]} 33. Rd7+
{[%clk 0:03:18]} Kc6 {[%clk 0:04:56]} 34. Rxf7 {[%clk 0:03:21]} Kb5
{[%clk 0:04:47]} 35. Nb2 {[%clk 0:03:19]} Bb6 {[%clk 0:04:51]} 36. Nd3
{[%clk 0:02:53]} Re2+ {[%clk 0:04:45]} 37. Kf3 {[%clk 0:02:57]} Re3+
{[%clk 0:04:37]} 38. Kf4 {[%clk 0:02:52]} Kc4 {[%clk 0:04:40]} 39. Rb1
{[%clk 0:01:37]} Rxd3 {[%clk 0:04:38]} 40. Rb7 {[%clk 0:01:41]} Bc5
{[%clk 0:04:33]} 41. f7 {[%clk 0:01:43]} a4 {[%clk 0:04:06]} 42. Rc7
{[%clk 0:01:20]} a3 {[%clk 0:04:08]} 43. Ke4 {[%clk 0:01:13]} Re3+
{[%clk 0:04:02]} 44. Kf4 {[%clk 0:01:14]} Rc3 {[%clk 0:03:58]} 45. Rf1
{[%clk 0:01:11]} a2 {[%clk 0:03:31]} 46. Kg5 {[%clk 0:01:15]} b3 {[%clk 0:02:42]}
47. Rb7 {[%clk 0:01:04]} e5 {[%clk 0:02:27]} 48. Kg6 {[%clk 0:01:08]} Rc8
{[%clk 0:02:24]} 49. h4 {[%clk 0:01:01]} Rxg3+ {[%clk 0:02:21]} 50. Kf5
{[%clk 0:01:05]} Rg1 {[%clk 0:02:16]} 51. Rxg1 {[%clk 0:01:05]} Bxg1
{[%clk 0:02:19]} 52. Rc7+ {[%clk 0:01:09]} Rxc7 {[%clk 0:02:17]} 53. f8=Q
{[%clk 0:01:13]} a1=Q {[%clk 0:01:54]} 54. Qg8+ {[%clk 0:01:17]} Kc3
{[%clk 0:01:29]} 55. Qg3+ {[%clk 0:01:19]} Kb4 {[%clk 0:01:29]} 56. Qg4+
{[%clk 0:01:04]} Qd4 {[%clk 0:01:31]} 0-1

[Event "Championnat de France Universitaire 2017"]
[Site "Strasbourg"]
[Date "2017.01.22"]
[Round "9.3"]
[White "Viennot, Dylan"]
[Black "Selebran, Henri"]
[Result "1/2-1/2"]
[BlackElo "2058"]
[WhiteElo "2259"]
[LiveChessVersion "1.4.8"]

1. e4 {[%clk 0:15:09]} d6 {[%clk 0:15:09]} 2. Nf3 {[%clk 0:15:11]} Nf6
{[%clk 0:15:07]} 3. Nc3 {[%clk 0:15:12]} e5 {[%clk 0:15:09]} 4. Bc4
{[%clk 0:15:13]} Be7 {[%clk 0:15:11]} 5. h3 {[%clk 0:14:45]} c6 {[%clk 0:15:03]}
6. d3 {[%clk 0:14:39]} O-O {[%clk 0:15:00]} 7. a4 {[%clk 0:14:36]} d5
{[%clk 0:14:18]} 8. Bb3 {[%clk 0:13:55]} dxe4 {[%clk 0:14:01]} 9. Nxe4
{[%clk 0:13:58]} Nxe4 {[%clk 0:13:40]} 10. dxe4 {[%clk 0:14:01]} Qc7
{[%clk 0:13:21]} 11. Qe2 {[%clk 0:11:22]} Nd7 {[%clk 0:12:43]} 12. Be3
{[%clk 0:11:26]} Nc5 {[%clk 0:12:28]} 13. Bxc5 {[%clk 0:11:29]} Bxc5
{[%clk 0:12:28]} 14. Rd1 {[%clk 0:11:10]} a6 {[%clk 0:10:02]} 15. O-O
{[%clk 0:09:33]} b5 {[%clk 0:09:38]} 16. Rd2 {[%clk 0:09:28]} Be6
{[%clk 0:08:32]} 17. Bxe6 {[%clk 0:09:26]} fxe6 {[%clk 0:08:33]} 18. Rfd1
{[%clk 0:09:26]} Rf7 {[%clk 0:08:27]} 19. Kh1 {[%clk 0:07:31]} Raf8
{[%clk 0:07:25]} 20. Ng5 {[%clk 0:06:51]} Rxf2 {[%clk 0:06:07]} 21. Qh5
{[%clk 0:06:18]} g6 {[%clk 0:05:34]} 22. Qg4 {[%clk 0:06:17]} Qe7
{[%clk 0:04:35]} 23. Rxf2 {[%clk 0:05:07]} Rxf2 {[%clk 0:03:35]} 24. Nxe6
{[%clk 0:05:04]} Bb6 {[%clk 0:03:11]} 25. Ng5 {[%clk 0:04:46]} Qf6
{[%clk 0:02:57]} 26. Qc8+ {[%clk 0:03:29]} Qf8 {[%clk 0:02:55]} 27. Qe6+
{[%clk 0:02:46]} Kh8 {[%clk 0:01:49]} 28. Qxe5+ {[%clk 0:02:49]} Kg8
{[%clk 0:01:52]} 29. Qe6+ {[%clk 0:02:10]} Kh8 {[%clk 0:01:54]} 30. Qe5+
{[%clk 0:02:14]} Kg8 {[%clk 0:01:57]} 31. Kh2 {[%clk 0:01:44]} Ba7
{[%clk 0:01:36]} 32. Qe6+ {[%clk 0:00:51]} Kh8 33. Qe5+ Kg8 {[%clk 0:01:42]} 34.
Qe6+ {[%clk 0:00:47]} Kh8 {[%clk 0:01:46]} 35. Qe5+ {[%clk 0:00:23]} Kg8
{[%clk 0:01:49]} 36. Qe6+ {[%clk 0:00:11]} Kh8 {[%clk 0:01:53]} 1/2-1/2